| 000 | 00615nam a2200181Ia 4500 | ||
|---|---|---|---|
| 003 | GCL | ||
| 008 | 140319s9999 xx 000 0 ara d | ||
| 040 |
_aGCL / _cGCL |
||
| 082 | 0 | 4 |
_aق _b962.031 _bع ع |
| 100 | 1 | _aعبدالرحمن الرافعى | |
| 245 | 1 | 0 |
_aعصر محمد على / _cعبدالرحمن الرافعى |
| 260 |
_aالقاهرة : _bدار المعارف ، _c1989 |
||
| 300 |
_a595 ص ؛ _c24 سم |
||
| 490 | _a | ||
| 650 | 0 | 4 | _aالاحوال الاجتماعية |
| 650 | 0 | 4 | _aمصر - تاريخ - العصر الحديث - عصر محمد على ( 1805- 1849 م ) |
| 942 |
_2ddc _cBK |
||
| 999 |
_c36219 _d36219 |
||